تحميل...

Main Kalf /

التفاصيل البيبلوغرافية
المؤلف الرئيسي: Adolf Hitlar
التنسيق: Printed Book
اللغة:Malayalam
منشور في: Calicut: Pappiyon, 2004.
LEADER 00425nam a2200109Ia 4500
008 111205s9999 xx 000 0 mal d
100 |a Adolf Hitlar 
245 |a Main Kalf /  |c Adolf Hitlar 
260 |b Pappiyon,  |a Calicut:  |c 2004. 
942 |c BK 
999 |c 226268  |d 226268 
952 |0 0  |1 0  |2 ddc  |4 0  |6 923_000000000000000_143A_HIT_M  |7 0  |9 249694  |a MAL  |b MAL  |c ST1  |d 1973-03-31  |g 0.00  |l 1  |o 923.143A HIT/M  |p MAL29058  |r 2020-02-19  |s 2020-01-09  |v 175.00  |w 2011-12-05  |y BK